Online Catalogue and eLibrary

Socialism, Feminism and Philosophy: (Record no. 1704)

MARC details
000 -LEADER
fixed length control field 00543nam a2200205Ia 4500
005 - DATE AND TIME OF LATEST TRANSACTION
control field 20250213053246.0
008 - FIXED-LENGTH DATA ELEMENTS--GENERAL INFORMATION
fixed length control field 240331s9999 xx 000 0 und d
020 ## - INTERNATIONAL STANDARD BOOK NUMBER
ISBN 0415056284
082 ## - DDC Classification
Item Number - Author Mark SAY
DDC Edition Number 1140
Class No. 305.4
245 #0 - TITLE STATEMENT
Title Socialism, Feminism and Philosophy:
Remainder of title A Radical Philosophy Reader
260 ## - PUBLICATION, DISTRIBUTION, ETC.
Place of publication, distribution, etc. London;
-- New York
Name of publisher, distributor, etc. Routledge
Date of publication, distribution, etc. 1990
300 ## - PHYSICAL DESCRIPTION
Extent (e.g. Volumes, Pages etc.) ix, 306 p.,
650 ## - SUBJECT ADDED ENTRY--TOPICAL TERM
Topical term or geographic name entry element Feminsim
650 ## - SUBJECT ADDED ENTRY--TOPICAL TERM
Topical term or geographic name entry element Socialism
650 ## - SUBJECT ADDED ENTRY--TOPICAL TERM
Topical term or geographic name entry element Philosophy
650 ## - SUBJECT ADDED ENTRY--TOPICAL TERM
Topical term or geographic name entry element Human Nature
700 ## - ADDED ENTRY--PERSONAL NAME
Personal name Sayers, S
Relator term (Role) Editor
700 ## - ADDED ENTRY--PERSONAL NAME
Personal name Osborne, P
Relator term (Role) Editor
942 ## - Koha item type (Biblio)
Koha item type Books in Stacks (Lending)
Holdings
Lost status Damaged status Collection code Home library Current library Shelving location Date acquired Full call number Accession Number Item type
    Lending WERC Library WERC Library Social Science Cupboard 03/31/2024 305.4 SOC 1140 Books in Stacks (Lending)

© WERC Library